000 00534nam a2200217Ia 4500
003 OSt
005 20230511094404.0
008 210423s1966 xx 000 0 und d
020 _a-
040 _cAL
041 _aeng
082 _a574.192
_223
_bWESE
100 _aWEST (Edward Staunton);others.
_9102191
245 _aTextbook of biochemistry.
250 _a4
260 _aNew Delhi
_bOxford University Press
_c1966
300 _axiv,1595
365 _b445
_cINR
906 _abiochemistry. ; Textbook
942 _2ddc
_cBK
999 _c164117
_d164117